书目信息 |
| 题名: |
新形势 新思考 新实践
|
|
| 作者: | 吴开华 主编 | |
| 分册: | ||
| 出版信息: | 北京 北京图书馆出版社 2007.11 |
|
| 页数: | 263页 | |
| 开本: | 23cm | |
| 丛书名: | ||
| 单 册: | ||
| 中图分类: | G258.6-53 | |
| 科图分类: | ||
| 主题词: | 院校图书馆--yuan xiao tu shu guan--图书编目--文集 | |
| 电子资源: | ||
| ISBN: | 978-7-5013-3538-1 | |
| 000 | 00971nam0 2200253 450 | |
| 001 | 012010470281 | |
| 005 | 20100106173928.62 | |
| 010 | @a978-7-5013-3538-1@dCNY40.00 | |
| 100 | @a20100106d2007 em y0chiy0120 ea | |
| 101 | 0 | @achi |
| 102 | @aCN@b110000 | |
| 105 | @ay a 000yy | |
| 106 | @ar | |
| 200 | 1 | @a新形势 新思考 新实践@Axin xing shi xin si kao xin shi jian@e北京高校编目研究会2007年学术论文集@f吴开华主编@Fwu kai hua zhu bian |
| 210 | @a北京@c北京图书馆出版社@d2007.11 | |
| 215 | @a263页@d23cm | |
| 320 | @a有书目 | |
| 330 | @a本书内容分为“标准与规范研究”、“编目工作管理”、“著录与标引实践”、“非书资料编目及其他”四个部分。 | |
| 517 | 1 | @a北京高校编目研究会2007年学术论文集@Abei jing gao xiao bian mu yan jiu hui 2007 nian xue shu lun wen ji |
| 606 | 0 | @a院校图书馆@Ayuan xiao tu shu guan@x图书编目@j文集 |
| 690 | @aG258.6-53@v4 | |
| 701 | 0 | @a吴开华@Awu kai hua@4主编 |
| 801 | 0 | @aCN@bQSSK@c20100106 |
| 905 | @b771823-25@dG258.6-53@eW812@f3 | |
| 新形势 新思考 新实践:北京高校编目研究会2007年学术论文集/吴开华主编.-北京:北京图书馆出版社,2007.11 |
| 263页;23cm |
| ISBN 978-7-5013-3538-1:CNY40.00 |
| 本书内容分为“标准与规范研究”、“编目工作管理”、“著录与标引实践”、“非书资料编目及其他”四个部分。 |
| ● |
| 相关链接 |
|
|
|
正题名:新形势 新思考 新实践
索取号:G258.6-53/W812
 
预约/预借
| 序号 | 登录号 | 条形码 | 馆藏地/架位号 | 状态 | 备注 |
| 1 | 771823 | 207718237 | 社科库409/409社科库 60排1列3层/ [索取号:G258.6-53/W812] | 在馆 | |
| 2 | 771824 | 207718246 | 社科二线422/422社科库 40排4列5层/ [索取号:G258.6-53/W812] | 在馆 | |
| 3 | 771825 | 207718255 | 社科二线422/422社科库 40排4列5层/ [索取号:G258.6-53/W812] | 在馆 |